K novým právním předpisům v podnikatelské činnosti.

Prehľad nových právnych predpisov, vzťahujúcich sa na podnikateľskú činnosť, od 1.11.1991 do 1.1.1992.

Enregistré dans:
Détails bibliographiques
Auteur principal: Kalinová, Miluše
Format: Chapitre de livre
Langue:tchèque
Sujets:
Tags: Ajouter un tag
Pas de tags, Soyez le premier à ajouter un tag!

MARC

LEADER 00000naa a2200000 4500
001 r008079
005 20220831085216.7
041 0 |a cze 
044 |a [CS] 
245 1 0 |a K novým právním předpisům v podnikatelské činnosti.  |c M. Kalinová 
520 |a Prehľad nových právnych predpisov, vzťahujúcich sa na podnikateľskú činnosť, od 1.11.1991 do 1.1.1992. 
610 2 0 |a podnikanie 
610 2 0 |a predpisy právne 
610 2 0 |a 1991-1992 
610 2 0 |a ČSFR 
100 1 |a Kalinová, Miluše